Largest Suburbs of Philadelphia - Statistics

General Stats
  • This quiz has been taken 92 times
  • The average score is 7 of 20
Answer Stats
Suburb Population County State % Correct
Camden 71,791 Camden NJ
90%
Wilmington 70,898 New Castle DE
79%
Reading 95,112 Berks PA
60%
Cherry Hill 74,553 Camden NJ
56%
Gloucester 66,034 Camden NJ
44%
Upper Darby Township 85,681 Delaware PA
41%
Vineland 60,780 Cumberland NJ
41%
Dover 39,403 Kent DE
34%
Bensalem Township 62,707 Bucks PA
31%
Bristol Township 54,291 Bucks PA
26%
Lower Merion Township 63,633 Montgomery PA
26%
Abington Township 58,502 Montgomery PA
23%
Haverford Township 50,431 Delaware PA
21%
Mount Laurel 44,633 Burlington NJ
17%
Evesham 46,826 Burlington NJ
14%
Washington 48,677 Gloucester NJ
14%
Egg Harbor 47,842 Atlantic NJ
13%
Middletown Township 46,040 Bucks PA
9%
Winslow 39,907 Camden NJ
6%
Northampton Township 39,915 Bucks PA
4%
No matching quizzes found
Score Distribution
Percent of People with Each Score
Percentile by Number Answered
Your Score History
You have not taken this quiz